| 000 | 01288nam0a22002891 4500 | ||
|---|---|---|---|
| 001 | rc\2292792 | ||
| 005 | 20250622231350.0 | ||
| 035 | _a(NLR Aleph) 006466538 | ||
| 090 |
_a5890788 _c5890788 |
||
| 100 | _a20110829d1977 |||y0rusy50 ca | ||
| 101 | 0 | _arus | |
| 102 | _aRU | ||
| 105 | _ay z |||a| | ||
| 200 | 1 |
_aХамса _eКритич. текст. _eЧетвертая поэма "Ā Ина-Ии Искандари" _e[К семисотлетию со дня рождения Амира Хусрау Дихлави] _fАмир Хусрау Дихлавй _gСост. текста и предисл. Джамала Мирсаидова |
|
| 210 |
_aМосква _cНаука _d1977 |
||
| 215 | _a28 с., XXXVI, 316 староараб. паг. | ||
| 300 | _aТекст на перс. яз. | ||
| 300 | _aНа обл. только авт. и загл. поэмы | ||
| 300 | _aВ надзаг.: АН СССР, Ин-т востоковедения, Самарканд. гос. ун-т им. Алишера Навои | ||
| 700 | 0 |
_aАмир Хосров Дехлеви _f1253-1325 |
|
| 702 | 1 |
_aМирсаидова _bД. _gДжамала _4220 _4080 |
|
| 801 | 0 |
_aRU _bNLR _gpsbo |
|
| 801 | 1 |
_aRU _bELAR _2rusmarc |
|
| 852 |
_aNLR _bОЛСАА |
||
| 942 | _cBOOK | ||
| 980 | _aNB | ||